Statistics for Most Famous People in the World (No Vowels)

Click here to take the quiz!

General Stats

  • This quiz has been taken 2,258 times
    (1,966 since last reset)
  • The average score is 18 of 20

Answer Stats

DescriptionHintAnswer% Correct
German scientistlbrt nstnAlbert Einstein
99%
US Presidentbrhm LnclnAbraham Lincoln
98%
Italian explorerChrstphr ClmbsChristopher Columbus
96%
American musicianlvs PrslyElvis Presley
96%
Leader of Indian independence movementGndhGandhi
96%
American actress, singer, modelMrlyn MnrMarilyn Monroe
96%
British Prime MinisterWnstn ChrchllWinston Churchill
96%
US astronautNl rmstrngNeil Armstrong
95%
British scientistChrls DrwnCharles Darwin
94%
American Boxer and civil rights campaignerMhmmd lMuhammad Ali
94%
South African PresidentNlsn MndlNelson Mandela
93%
German composerLdwg vn BthvnLudwig van Beethoven
91%
American TV presenter, actress, entrepreneurprh WnfrOprah Winfrey
90%
American civil rights activistRs PrksRosa Parks
90%
British Prime MinisterMrgrt ThtchrMargaret Thatcher
89%
British musicianPl McCrtnPaul McCartney
88%
Catholic missionary nunMthr TrsMother Teresa
87%
American inventorThms dsnThomas Edison
85%
British monarchVctrVictoria
80%
First Lady of Argentinav PrnEva Peron
46%

Score Distribution

Percentile by Number Answered

Percent of People with Each Score

Your Score History

You have not taken this quiz since the last reset